000 00762nam a22002177a 4500
999 _c17076
_d17076
003 AR-CdUCM
008 190507b ||||| |||| 00| 0 spa d
040 _aMUNICIPALIDAD PROVINCIAL DEL CUSCO
_cBIBLIOTECA MUNICIPAL DEL CUSCO
082 _a860.82 /
_bP46
100 _aPerú de Lacroix, Louis
_936908
245 _aDiario de Bucaramanga :
_bvida pública y privada del libertador Simón Bolívar /
260 _aLima] :
_bNuevo mundo,
_c1962.
300 _a146 páginas ;
_c18 cm.
440 _aEscritores latinoamericanos ;
_91888
500 _zContenido: Diario de Bucaramanga, segunda parte.
650 _aBiografía
_922
650 _aBolívar, Simón
_911411
700 _aBonilla Amado, José
_96069
942 _2ddc
_cLIBROS
945 _aacv
_d2019-05-07